00791cam a2200253 4500001001300000003000400013005001700017008004100034010001700075025002000092040001800112050001800130082001900148100002300167245003100190260004100221300002200262350001000284500010600294504003200400650004800432650004000480999001700520sa 68012051 DLC20260227112606.0691110s1968 ii b 001 0 eng  asa 68012051  aPL480:I-E-10669 aDLCcDLCdDLC00aHJ4387.B5bS500a333.5/3/0954121 aSinha, Ram Narain.10aBihar tenantry, 1783-1833. aBombay,bPeople's Pub. Housec[1968] ax, 190 p.c22 cm. a20.00 a"Thesis ... approved for the award of the degree of Ph.D. in the University of Bihar in March, 1966." aBibliography: p. [180]-186. 0aLand value taxationzIndiazBiharxHistory. 0aLand tenurezIndiazBiharxHistory. c84277d84277